Sredstva sistem obrabotki dannych v ASU

Gespeichert in:
Bibliographische Detailangaben
1. Verfasser: Voronin, Gennadij Petrovič
Weitere Verfasser: Kac, Arkadij Ruvimovič, Petuchov, Oleg Aleksandrovič
Format: Buch
Sprache:Russisch
Veröffentlicht: Leningrad Sudostrojenije 1984
Tags: Tag hinzufügen
Keine Tags, Fügen Sie das erste Tag hinzu!

MARC

LEADER 00000nam a2200000 4500
001 c106616
005 20041019155137.8
041 0 |a rus 
044 |a RU 
245 1 0 |a Sredstva sistem obrabotki dannych v ASU  |c Gennadij Petrovič Voronin, Arkadij Ruvimovič Kac, Oleg Aleksandrovič Petuchov 
264 1 |a Leningrad  |b Sudostrojenije  |c 1984 
300 |a 145 s. 
100 1 |a Voronin, Gennadij Petrovič 
700 1 |a Kac, Arkadij Ruvimovič 
700 1 |a Petuchov, Oleg Aleksandrovič